| 000 | 00619nam a2200181 i 4500 | ||
|---|---|---|---|
| 001 | 109967 | ||
| 003 | ES-MaACL | ||
| 005 | 20230906184943.0 | ||
| 007 | t| | ||
| 008 | 061121s1913 mx r ||||1| spa d | ||
| 100 | 1 |
_aMoheno, Querido. _981799 |
|
| 245 | 1 | 4 |
_aLos doscientos millones del empréstito _b: discursos pronunciados en la Cámara de Diputados / _cQuerido Moheno. |
| 260 |
_aMéxico : _b[s. n.], _c1913 ( _fTip. de F. Soria) |
||
| 300 |
_a72 p. ; _c23 cm. |
||
| 650 | 4 |
_aHacienda pública- _zMéxico. _9165453 |
|
| 710 | 1 |
_aMéxico. _bCongreso. _bCámara de diputados. _9160973 |
|
| 852 |
_aES-MaACL _j1510-F-5 |
||
| 999 |
_c109967 _d109967 |
||